Biología 1/

Guardado en:
Autor Principal: Vallin, J
Formato: Libro
Publicado: España : Montaner y Simon, 1966
Materias:
Etiquetas: Agregar Etiqueta
Sin Etiquetas, Sea el primero en etiquetar este registro!
LEADER 00684nam a22002175a 4500
001 CEM.cems006410
005 20060214000000.0
008 130507s1966##################000#0#####d
003 CEMS
082 0 4 |a 570 
100 1 |a Vallin, J 
245 1 0 |a Biología 1/ 
260 |a España :  |b Montaner y Simon,  |c 1966 
300 |a 207 p. 
505 0 |a Las plantas sin flores: Aparato vegetativo. Vida de la planta. Reproducción. - Los invertebrados: Organización general. Modos de vida. Locomoción 
653 |a Anatomia 
653 |a Biología 
653 |a Botanica 
653 |a Bovinos-anatomia 
653 |a Equinos-anatomia 
859 |a CEMS  |b BIB. CEMS - 11 de abril  |h 570  |i V244-1/I  |p 7639.80  |t Ej.1